Países que fizeram parte da África Ocidental Francesa em um Mapa - Statistics

Estatísticas Gerais
  • Esse quiz foi jogado 94 vezes
  • A pontuação média é 16 de 17
Respostas no mapa
Respostas codificadas por cores de uma escala verde-vermelha no mapa do quiz de acordo com a % correta abaixo.
 
Estatísticas das Respostas
Resposta % Correto
Marrocos
100%
Argélia
99%
Mauritânia
99%
Costa do Marfim
97%
Mali
97%
Senegal
96%
Tunísia
96%
Burkina Faso
95%
Camarões
95%
Chade
95%
Níger
95%
Guiné
94%
Benim
92%
Togo
92%
Gabão
91%
Congo
90%
República Centro-Africana
90%
Nenhum quiz correspondente encontrado
Distribuição das Pontuações
Porcentagem de Pessoas com Cada Pontuação
Percentil de Números Respondidos
Sua Pontuação Histórica
Você não jogou esse quiz